Statistics for Chengdu Airport (CTU) Destinations

Click here to take the quiz!

General Stats

  • This quiz has been taken 117 times
    (86 since last reset)
  • The average score is 69 of 175

Answer Stats

HintAnswer% Correct
Air China, China Southern, Hainan Air, Shenzhen Air, Sichuan Air, Tibet AirBeijing-Capital
89%
China United AirBeijing-Nanyuan
89%
Air China, Beijing Capital Air, Chengdu Air, China Eastern, China Southern, Hainan Air, Shenzhen Air, Sichuan AirGuangzhou
87%
Air China, Beijing Capital Air, Chengdu Air, Shandong Air, Sichuan Air, XiamenairXiamen
87%
Air China, Chengdu Air, China Eastern, Juneyao Air, Shanghai Air, Spring Air, Tibet AirShanghai-Hongqiao
85%
Air China, Chengdu Air, China Eastern, China Southern, Sichuan AirShanghai-Pudong
85%
Air China, Cathay Dragon, Hong Kong Air, Sichuan AirHong Kong
84%
Air China, Asiana Air, Sichuan AirSeoul-Incheon
84%
Air China, All Nippon Air, Sichuan AirTokyo-Narita
84%
Air China, Chengdu Air, Okay Air, Sichuan Air, Tianjin AirTianjin
82%
AirAsia X, Malaysia AirKuala Lumpur
80%
Air China, Chengdu Air, China Eastern, China Southern, Hainan Air, Shenzhen Air, Sichuan AirShenzhen
80%
Sichuan AirTaipei-Songshan
80%
Air China, China Air, EVA Air, Sichuan AirTaipei-Taoyuan
80%
Thai AirAsia, Thai Lion AirBangkok-Don Mueang
78%
Air China, China Eastern, Sichuan Air, Spring Air, Thai AirwaysBangkok-Suvarnabhumi
78%
Air MacauMacau
78%
Air China, China Eastern, Sichuan AirOsaka-Kansai
78%
Air Chang'an, Air China, Chengdu Air, China Eastern, China Souther, Hainan Air, Lucky Air, Shenzhen Air, Sichuan AirXi'an
78%
Air China, Sichuan Air, SilkAirSingapore
76%
Air China, Chengdu Air, China Eastern, China Southern, Ruili Air, Shenzhen Air, Sichuan AirHarbin
75%
UnitedSan Francisco
75%
Air China, China Southern, Hainan Air, Lucky Air, Sichuan Air, Umumqi AirUrumqi
75%
Sichuan AirDubai
73%
Vietnam AirHanoi
73%
China Eastern, Sichuan AirLos Angeles
73%
Hainan AirNew York-JFK
73%
Air ChinaParis-Charles de Gaulle
73%
Eithad AirwaysAbu Dhabi
71%
Air ChinaFrankfurt
71%
Air China, Chengdu Air, China Eastern, Kunming Air, Lucky Air, Ruili Air, Sichuan Air, Tibet AirKunming
71%
Air China, Chengdu Air, China Eastern, Shenzhen Air, Sichuan Air, Tibet AirNanjing
71%
Air China, Chengdu Air, China Eastern, Qingdao Air, Shandong Air, Sichuan AirQingdao
71%
Air China, Chengdu Air, China Eastern, China Southern, Sichuan Air, XiamenairWuhan
71%
Vietnam AirHo Chi Minh City
69%
Air China, Chengdu Air, China Eastern, Lucky Air, Tibet AirLhasa
69%
China EasternNagoya
69%
Air ChinaSydney
69%
KLMAmsterdam
67%
Qatar AirwaysDoha
67%
Sichuan AirMoscow-Sheremetyevo
67%
China EasternManila
65%
Sichuan AirMelbourne
65%
Air China, China Southern, Shenzhen Air, Sichuan Air, Spring Air, Tibet AirShenyang
65%
Air China, China Eastern, Lucky AirDali
64%
Air China, Beijing Capital Air, Chengdu Air, China Eastern, China Southern, Hainan Air, Loong Air, Sichuan Air, Tibet Air, XiamenairHangzhou
64%
China Eastern, Shenzhen Air, Sichuan AirPhuket
64%
Air China, Chengdu Air, Sichuan Air, XiamenairFuzhou
62%
Air China, Chengdu Air, China Eastern, China Southern, Sichuan AirDalian
60%
Sichuan AirVancouver
60%
Air China, Chengdu Air, China Southern, Lucky Air, Shandong Air, Sichuan Air, Tibet AirJinan
58%
Air China, Chengdu Air, China Southern, Shenzhen Air, Sichuan AirNanning
58%
Air China, China Eastern, Sichuan AirHefei
56%
Mega Maldives, Sichuan AirMale
56%
Air China, Chengdu Air, China Southern, Donghai Air, Lucky Air, Sichuan AirZhengzhou
55%
Air China, Sichuan Air, Tibet AirKathmandu
53%
Ethiopian AirAddis Ababa
51%
Sichuan AirAuckland
51%
Air China, Chengdu Air, China Southern, Sichuan AirChangchun
51%
Air China, Chengdu Air, China Southern, Okay Air, Sichuan Air, Tibet Air, XiamenairChangsha
51%
Sichuan Air, Thai Lion AirChiang Mai
51%
Vietnam AirDa Nang
51%
Garuda IndonesiaDenpasar
51%
China Eastern, Sichuan AirJeju
51%
Beijing Capital AirMadrid
51%
Air MauritiusMauritius
51%
Air ChinaYangon
51%
China EasternCebu
49%
Air China, Chengdu Air, China Southern, Hainan Air, Lucky Air, Sichuan AirHaikou
49%
China EasternFukuoka
47%
Lucky Air, Sichuan AirSt. Petersburg
47%
Far Eastern Air TransportKaohsiung
45%
Air China, Chengdu Air, China Eastern, China Southern, Sichuan AirNingbo
45%
Air China, Chengdu Air, China Eastern, Sichuan AirWenzhou
45%
Air ChinaColombo
44%
Chengdu Air, China United Air, Hebei Air, Sichuan Air, Spring AirShijiazhuang
44%
Air China, Chengdu Air, China Eastern, Sichuan AirLanzhou
42%
Air China, China Eastern, Kunming Air, Shenzhen Air, Sichuan AirNanchang
42%
China Eastern, Shenzhen Air, Sichuan AirWuxi
42%
Sichuan AirZurich
42%
Air China, Beijing Capital Air, Chengdu Air, China Eastern, China Southern, Hainan Air, Lucky Air, Sichuan Air, Tibet AirSanya
40%
Air China, Chengdu Air, China Eastern, Sichuan AirYinchuan
40%
Air China, China SouthernShantou
38%
Air China, Chengdu Air, China Express, China Southern, Lucky Air, Qingdao Air, Sichuan Air, Tibet AirGuiyang
36%
China EasternHiroshima
36%
Air China, Shenzhen Air, Sichuan AirHohhot
36%
Air China, Chengdu Air, China Eastern, China Southern, Shenzhen Air, Sichuan AirTaiyuan
36%
Air China, China Southern, Shandong Air, Sichuan AirGuilin
35%
Sichuan AirChiang Rai
33%
Sichuan AirPrague
33%
Air China, China SouthernYantai
33%
Sichuan AirNantong
31%
Air China, China Eastern, Sichuan AirChangzhou
29%
Lucky AirHelsinki
29%
Juneyao Air, Sichuan Air, Spring AirKrabi
29%
Spring AirSiem Reap
29%
Air China, Chengdu Air, China Eastern, Sichuan AirXining
29%
Shenzhen Air, Sichuan Air, XiamenairQuanzhou
27%
Sichuan AirGanzhou
25%
Air China, Beijing Capital Air, Chengdu Air, China Eastern, Kunming Air, Lucky Air, Sichuan AirLijiang
25%
Sichuan Air, Vietnam AirNha Trang
25%
Chengdu Air, Sichuan AirBeihai
24%
Chengdu AirLianyungang
24%
Sichuan AirTangshan
24%
Air China, Chengdu Air, China Eastern, China SouthernZhuhai
24%
China SouthernBaotou
20%
Air China, China Eastern, Sichuan AirDaocheng
20%
Sichuan AirLinyi
20%
China Eastern, Loong AirLuoyang
20%
Sichuan AirXuzhou
20%
Sichuan AirYangzhou
20%
Sichuan AirYichang
20%
Sichuan AirAnshan
18%
Air China, Sichuan AirKashgar
18%
Chengdu AirTaizhou
18%
Air ChinaYiwu
18%
Air ChinaZhangjiajie
18%
Chengdu AirHailar
16%
Shanghai AirHuangshan
16%
Air ChinaHuizhou
16%
Shandong AirJingdezhen
16%
Chengdu AirJining
16%
Air China, Chengdu Air, China Eastern, Hainan Air, Lucky Air, Sichuan AirJiuzhaigou
16%
China Eastern, Lucky Air, Sichuan AirKangding
16%
Lucky Air, Tibet AirKoh Samui
16%
Air ChinaZhanjiang
16%
Chengdu AirZunyi
16%
Air ChinaAksu
15%
China EasternDiqing
15%
Sichuan AirDunhuang
15%
China EasternGolmud
15%
Chengdu AirJinggangshan
15%
Chengdu AirLiuzhou
15%
Air China, Sichuan Air, Tibet AirNyingchi
15%
China United Air, Sichuan AirOrdos
15%
Lucky AirPu'er
15%
Sichuan AirRizhao
15%
Sichuan AirWanzhou
15%
Loong AirXiangyang
15%
China EasternYancheng
15%
Loong Air, Sichuan AirHandan
13%
Sichuan AirJiayuguan
13%
Air China, Sichuan AirPanzhihua
13%
Sichuan AirQianjiang
13%
Tibet AirShigatse
13%
Chengdu Air, China Eastern, Sichuan AirXishuangbanna
13%
Air ChinaYulin
13%
China ExpressBijie
11%
Air China, Sichuan AirDongying
11%
Air China, China SouthernKaramay
11%
China Eastern, Lucky Air, Sichuan AirMangshi
11%
Air ChinaQamdo
11%
Ruili AirQinhuangdao
11%
Spring AirSurat Thani
11%
Tibet AirTongren
11%
Sichuan AirWuhai
11%
Chengdu AirXingyi
11%
Air ChinaYining
11%
Air ChinaYuncheng
11%
China EasternYushu
11%
Chengdu AirZhongwei
11%
Lucky AirTengchong
9%
Air China, China Eastern, Sichuan AirXichang
9%
Sichuan AirYichun
9%
Ruili AirZhangjiakou
9%
Chengdu AirZhangye
9%
Chengdu AirChangbaishan
7%
Juneyao AirChizhou
7%
Air ChinaHongyuan
7%
Air China, China SouthernKorla
7%
Sichuan AirXiahe
7%
Lucky AirZhaotong
7%
Air ChinaChangzhi
5%
Chengdu AirJinchang
5%
Sichuan AirDazhou
4%

Score Distribution

Percentile by Number Answered

Percent of People with Each Score

Your Score History

You have not taken this quiz since the last reset